000 00495nam a2200181Ia 4500
008 240925s9999 xx 000 0 und d
020 _a28004426
082 _a621.3192 SCH
100 _aSchuler ,Charles A.; Fowler ,Richard J.
245 0 _aElectric Circuits Analysis
250 _aNA
260 _aNew York:
_bMacmillian Publishing Co
_c,1993.
300 _axxiv,770p.
_bNA
_fOriginal
500 _aIncludes Index
600 _aElectrical Engineering
650 _aTechnology
942 _cBK
999 _c2599
_d2599